000 01047cab a2200289 4500
001 ABS49360
008 090401t1993 xxu||||| |||| 00| 0 eng d
035 _a(Sirsi) u71007
041 _aeng
100 _aPhipps, M.
245 _aLegal
260 _c1993
350 _a0
490 _aBuilding
_v258(7809) 3 September 1993, 28-29(2)
520 _aConsiders the current state of law on liability for building defects following the "Linden Gardens" and "St Martins" appeals. Amendment 12 to JCT 1980 on performance-related work is also discussed.
650 _aASSIGNMENT
650 _aBUILDING DEFECTS
650 _aBUILT ENVIRONMENT-BUILDING CONTRACT FORMS-CONSTRUCTION COLLATERAL WARRANTY FORMS
650 _aLIABILITY
650 _aLINDEN GARDENS TRUST LTD V LENESTA SLUDGE DISPOSALS
650 _aPERFORMANCE SPECIFIED WORK
650 _aST MARTINS CORPORATION LTD AND ST MARTINS PROPERTY INVESTM
650 _aTHIRD PARTIES
690 _aBUILT ENVIRONMENT-BUILDING CONTRACT FORMS
942 _n0
948 _c04/03/1997
999 _c44737
_d44737